000
00342nam a2200157Ia 4500
100
_a
Vakil/Ravi
942
_c
BK
366
_f
17.5
654
_a
mathematical mosaic
245
_a
Mathematical mosaic:Patterns and problem solving
260
_b
Westland
_c
2009
082
_a
515
_b
VAK
300
_a
286
546
_a
ENGLISH
999
_c
27160
_d
27160